Music Quiz

Random Music Quiz

Name Those Idols of 2013! Quiz Stats

 Plays Quiz not verified by Sporcle

Support Sporcle.
Go Orange.
Score 0/257 Timer 20:00
0 Plays Today
Hint Answer % Correct
Teen TopC.A.P
90%
Teen TopRicky
90%
Teen TopL.Joe
90%
Teen TopChunji
90%
Teen TopNiel
90%
Teen TopChangjo
90%
SHINeeOnew
90%
SHINeeJonghyun
90%
SHINeeKey
90%
SHINeeMinho
90%
SHINeeTaemin
90%
InfiniteDongwoo
90%
InfiniteL
90%
SHU-IMinho
90%
SNSDTiffany
90%
B1A4CNU
90%
B1A4Jinyoung
90%
B1A4Sandeul
90%
B1A4Baro
90%
Bangtan BoysJin
90%
EXOD.O
90%
A-PrinceMinhyuk
80%
4MinuteGayoon
80%
4MinuteHyuna
80%
InfiniteSunggyu
80%
InfiniteWoohyun
80%
InfiniteHoya
80%
InfiniteSungyeol
80%
InfiniteSungjong
80%
VIXXLeo
80%
2PMTaecyeon
80%
BTOBEunkwang
80%
BTOBChangsub
80%
BTOBMinhyuk
80%
BTOBPeniel
80%
BTOBIlhoon
80%
BTOBSungjae
80%
ZE:AHyungsik
80%
SNSDSunny
80%
SNSDJessica
80%
SNSDSooyoung
80%
SNSDYuri
80%
SNSDYoona
80%
SNSDHyoyeon
80%
B1A4Gongchan
80%
B.A.PHimchan
80%
B.A.PDaehyun
80%
B.A.PJongup
80%
B.A.PZelo
80%
Nine MusesHyuna
80%
EXOKris
80%
Girl's DayMinah
70%
She'zTaeyeon
70%
Hello VenusLime
70%
100%Minwoo
70%
VIXXN
70%
VIXXKen
70%
VIXXRavi
70%
VIXXHongbin
70%
VIXXHyuk
70%
2AMJoKwon
70%
2AMChangmin
70%
2PMJun.K
70%
2PMNichkhun
70%
BTOBHyunsik
70%
ZE:AKwanghee
70%
ZE:AMinwoo
70%
SNSDTaeyeon
70%
SNSDSeohyun
70%
C-ClownRome
70%
B.A.PYongguk
70%
B.A.PYoungjae
70%
Super Junior-MSiwon
70%
Super Junior-MZhou Mi
70%
Super Junior-MSungmin
70%
Super Junior-MHenry
70%
Block BTaeil
70%
Block BP.O
70%
Block BZico
70%
Block BKyung
70%
Block BKyung
70%
Block BU-Kwon
70%
BoyfriendMinwoo
70%
Bangtan BoysJimin
70%
NU'ESTAron
70%
NU'ESTRen
70%
Hint Answer % Correct
NU'ESTMinhyun
70%
SistarSoyu
70%
SistarDasom
70%
SistarBora
70%
EXOChen
70%
EXOLay
70%
EXOSuho
70%
EXOKai
70%
EXOTao
70%
Girl's DaySojin
60%
Girl's DayYura
60%
Girl's DayHyeri
60%
Hello VenusAlice
60%
4MinuteJihyun
60%
4MinuteJiyoon
60%
4MinuteSohyun
60%
A PinkBomi
60%
A PinkNaeun
60%
2AMSeulong
60%
2PMWooyoung
60%
2PMJunho
60%
2PMChansung
60%
ZE:AKevin
60%
ZE:ASiwan
60%
Super Junior-MKyuhyun
60%
Super Junior-MRyeowook
60%
Block BB-Bomb
60%
T-araJiyeon
60%
T-araQri
60%
T-araBoram
60%
T-araHyomin
60%
BoyfriendKwangmin
60%
Bangtan BoysRap Monster
60%
Bangtan BoysSuga
60%
Bangtan BoysJ-Hope
60%
Bangtan BoysV
60%
Bangtan BoysJungkook
60%
GLAMJiyeon
60%
NU'ESTJR
60%
NU'ESTBaekho
60%
Brown Eyed GirlsGain
60%
SistarHyorin
60%
EXOXiumin
60%
EXOChanyeol
60%
EXOLuhan
60%
EXOSehun
60%
EXOBaekhyun
60%
Hello VenusNara
50%
A PinkChorong
50%
A PinkEunji
50%
A PinkNamjoo
50%
A PinkHayoung
50%
2AMJinwoon
50%
ZE:AHeechul
50%
ZE:ATaehun
50%
ZE:ADongjun
50%
Super Junior-MDonghae
50%
Super Junior-MEunhyuk
50%
Nine MusesEunji
50%
JewelryEunjung
50%
T-araSoyeon
50%
T-araEunjung
50%
BoyfriendDonghyun
50%
BoyfriendHyunseong
50%
BoyfriendJungmin
50%
BoyfriendYoungmin
50%
Brown Eyed GirlsJea
50%
Brown Eyed GirlsNarsha
50%
Brown Eyed GirlsMiryo
50%
Hello VenusYooyoung
40%
100%Rokhyun
40%
100%Changbum
40%
100%Sanghoon
40%
TastyDaeryong
40%
C-ClownRay
40%
C-ClownT.K
40%
Nine MusesHyemi
40%
Nine MusesSungah
40%
JewelryYewon
40%
Crayon PopEllin
40%
Hello VenusYoo Ara
30%
Hello VenusYoonjo
30%
Tiny-GMint
30%
Tiny-GDohee
30%
TastySoryong
30%
MYNAMEInsoo
30%
Hint Answer % Correct
MYNAMEJun Q
30%
C-ClownSiwoo
30%
Nine MusesSera
30%
Nine MusesMinha
30%
BIGSTARFeeldog
30%
Crayon PopSoyul
30%
AAAoora
20%
AAKimchi
20%
She'zJiyoung
20%
D-UNITZ.I.N
20%
ZE:AJunyoung
20%
MYNAMEGunwoo
20%
MYNAMESeyong
20%
C-ClownKangjun
20%
C-ClownMaru
20%
Nine MusesSam
20%
Nine MusesEuaerin
20%
Nine MusesKyungree
20%
JewelryBaby J
20%
GLAMZinni
20%
M.I.BKangnam
20%
Crayon PopChoa
20%
Crayon PopWay
20%
Crayon PopGeummi
20%
100%Jonghwan
10%
100%Chanyong
10%
100%Hyukjin
10%
Tiny-GJ.Min
10%
Tiny-GMyungji
10%
D-UNITR.A.M
10%
MYNAMEChaejin
10%
24kCory
10%
24kKisu
10%
GLAMDahee
10%
M.I.BCream
10%
Wa$$upNada
10%
AAWoosang
0%
AAHoik
0%
N-SONICJ.Heart
0%
AAJinhong
0%
N-SONICByul
0%
N-SONICBlack J
0%
N-SONICMinkee
0%
N-SONICZion
0%
N-SONICSihoo
0%
ElectroboyzChakun
0%
N-SONICYunjun
0%
A-PrinceSungwon
0%
A-PrinceSeungjun
0%
A-PrinceWoobin
0%
A-PrinceSiyoon
0%
She'zJinah
0%
She'zSeyeon
0%
D-UNITUJin
0%
D-UNITJNEY
0%
SHU-IInseok
0%
SHU-IChanghyun
0%
SHU-IHyungjun
0%
SHU-IJinseok
0%
BIGSTARBaram
0%
BIGSTARRaehwan
0%
BIGSTARSunghak
0%
BIGSTARJude
0%
JewelrySemi
0%
ElectroboyzMaboos
0%
Electroboyz1kyne
0%
24kByungho
0%
24kSungoh
0%
24kDaeil
0%
24kJeunguk
0%
GLAMMiso
0%
PhantomSanchez
0%
PhantomKiggen
0%
PhantomHanhae
0%
M.I.B5Zic
0%
M.I.BS.I.M.S
0%
AirplanemNine
0%
AirplaneMekid
0%
AirplaneBogiri
0%
Wa$$upNari
0%
Wa$$upDain
0%
Wa$$upSujin
0%
Wa$$upJinju
0%
Wa$$upWoojoo
0%
Wa$$upJiae
0%

You're not logged in!

Compare scores with friends on all Sporcle quizzes.
OR
Log In

From the Vault

Tabletop Games by Mug

by timmylemoine1

Just please don't spill on the game board!
Remove Ads.
Support Sporcle.
Get the best of Sporcle when you Go Orange. This ad-free experience offers more features, more stats, and more fun while also helping to support Sporcle. Thank you for becoming a member.

Show Comments

Extras

Created Oct 16, 2013ReportNominate
Tags:2013, Debuted, idol

Top Quizzes Today


Score Distribution

Your Account Isn't Verified!

In order to create a playlist on Sporcle, you need to verify the email address you used during registration. Go to your Sporcle Settings to finish the process.

Report this User

Report this user for behavior that violates our Community Guidelines.

Details: